Top 30 : Zola - Statistiques

Statistiques générales
  • Ce quiz a été pris 153 fois
  • Le résultat moyen est 13 sur 30
Statistiques - réponses
Top Titres Featuring % Correct
2 Papers Ninho
94%
6 9 1 1 3 SCH
78%
1 AMBER
76%
10 COEUR DE ICE Damso, PRINC€
69%
3 Temps en temps Koba LaD
69%
7 TOUTE LA JOURNÉE Tiakola
64%
11 Astroboy
61%
5 L1 L2
61%
8 Madame
57%
12 California Girl
52%
4 Wow
52%
13 Fuckboi
49%
16 Papillon
44%
17 Extasy
39%
9 Ouais ouais
39%
22 Aller sans retour Koba LaD
38%
15 Bro Bro
37%
14 Bad Bi
33%
23 Zolabeille
33%
20 7.65
32%
19 Sanchez
31%
28 Ma jolie Leto
30%
18 ENVIE7VIE
28%
21 Baby Boy
27%
27 Mojo
24%
30 NOCHEY
22%
24 Vista
16%
25 PAPEL
15%
26 Adelanto Kore
13%
29 Booska Rocket
7%
Aucun quiz correspondant
Distribution des résultats
% des personnes avec chaque résultat
Percentile par nombre de réponses
Votre historique - résultats
Vous n’avez pas pris ce quiz